000 01095 a2200205 4500
020 _a0333732081 (paperback)
020 _a9780333732083 (paperback)
090 _c4360
_d4360
100 1 _aBratton, John.
245 1 0 _aHuman resource management :
_btheory and practice /
_cJohn Bratton, Jeffrey Gold.
250 _a2nd ed.
260 _a[S.l.] :
_bPalgrave Macmillan,
_c1999.
300 _a432 p. ;
_c25 cm.
490 1 _aMacmillan business.
520 _aThis text is designed to be both accessible and challenging providing a comprehensive introduction to Human Resource Management (HRM). Achieving a balance of theory and practice, the text critically evaluates late-1990's developments in the subject, such as strategic aspects of HRM, the challenge of the EU, the learning organization, the impact of technology, gender, and more, within a pedagogy of case studies and clear learning objectives.
700 1 _aGold, Jeffrey.
830 0 _aMacmillan business.
856 4 0 _3Amazon.com
_uhttp://www.amazon.com/exec/obidos/ASIN/0333732081/chopaconline-20
942 _aNBS
_cBK
_k658.3 BRA
999 _c346805
_d346805